| 000 | 00642nam a2200193 i 4500 | ||
|---|---|---|---|
| 001 | 150445 | ||
| 003 | ES-MaACL | ||
| 005 | 20250823021527.0 | ||
| 007 | t| | ||
| 008 | 071030s1968 sp ||||1| spa d | ||
| 100 | 1 |
_aValcarce Alfayate, Enrique. _9112463 |
|
| 245 | 1 | 3 |
_aLa teología moral en la historia de la salvación / _cEnrique Valcarce Alfayate. |
| 260 |
_aMadrid : _bStudium, _c[1968] |
||
| 300 |
_a2 v. ; _c21 cm. |
||
| 505 | 8 | _aContiene: I: Los principios. Pre-lecciones, 611 p. -- II: Vida divina, 2 h., 778 p. | |
| 650 | 7 |
_aMoral cristiana _2embne _9142371 |
|
| 852 |
_aES-MaACL _jP-1393 _bR.68006 |
||
| 999 |
_c150445 _d150445 |
||